Quizz Harry Potter - Statistiques

Statistiques générales
  • Ce quiz a été pris 221 fois
  • Le résultat moyen est 12 sur 15
Statistiques - réponses
Question Réponse % Correct
Comment s'appelle ce château ci-dessus? Poudlard
100%
Qui est le meilleur ami de Harry? Ron
100%
Comment s'appelle la maison où Harry est? Gryffondor
95%
Comment s'appelle le géant? Hagrid
95%
Comment s'appelle le méchant dans le film Harry Potter à l'école des sorciers? Quirell
95%
Quel est le premier sort que Harry apprend? Wingardium Leviosa
95%
Quel est le nom de famille de l'oncle de Harry? Dursley
90%
Comment s'appelle la mère de Harry? Lily
90%
Quel est l'un des noms du directeur de Poudlard? Bryan
85%
Comment s'appelle le chapeau qui donne les maisons? Choixpeau
85%
Où habite Harry? Privet Drive
85%
Où se passe le film? Royaume uni
80%
Qui est la copine de Harry? Hermione
55%
Il est quoi? Gardien des clés et des portes
45%
Quel est le monstre dans les toilettes des filles dans Harry Potter à l'école des sorciers? Troll des montagnes
45%
Aucun quiz correspondant
Distribution des résultats
% des personnes avec chaque résultat
Percentile par nombre de réponses
Votre historique - résultats
Vous n’avez pas pris ce quiz